Cosmology, physics, and philosophy : including a new theory of aesthetics /

Guardado en:
Autor Principal: Gal-Or, Benjamin.
Formato: Libro
Idioma:English
Publicado: New York : Springer-Verlag, 1987.
Edición:2nd ed.
Materias:
Etiquetas: Agregar Etiqueta
Sin Etiquetas, Sea el primero en etiquetar este registro!
LEADER 00716pam a2200217 a 4500
001 MAT.inmabb003444
008 810402s1987####nyua#####b####001#0#eng##
005 20160610154420.0
245 1 0 |a Cosmology, physics, and philosophy :  |b including a new theory of aesthetics /  |c Benjamin Gal-Or. 
250 |a 2nd ed. 
260 |a New York :  |b Springer-Verlag,  |c 1987. 
300 |a xxxvi, 522 p. :  |b il. ;  |c 25 cm. 
504 |a Incluye referencias bibliográficas e índice. 
020 |a 0387965262 
020 |a 3540965262 (Berlin) 
100 1 |a Gal-Or, Benjamin. 
650 0 |a Physics  |x Philosophy. 
650 0 |a Cosmology. 
084 |a 85A40 (83F05)  |2 msc2000 
040 |a DLC  |c DLC  |d DLC 
859 |h 85  |i G146-2  |p A-5972  |b BIB. MATEMATICA